Is JP the Answer (Record no. 28433)

MARC details
000 -LEADER
fixed length control field 00334nam a2200145Ia 4500
008 - FIXED-LENGTH DATA ELEMENTS--GENERAL INFORMATION
fixed length control field 090122s9999 xx 000 0 und d
082 ## - DEWEY DECIMAL CLASSIFICATION NUMBER
Item number 4355
Classification number W:6:(E)
100 ## - MAIN ENTRY--PERSONAL NAME
Personal name Madani
Numeration Minoo
245 ## - TITLE STATEMENT
Title Is JP the Answer
600 ## - SUBJECT ADDED ENTRY--PERSONAL NAME
Personal name Madani
630 ## - SUBJECT ADDED ENTRY--UNIFORM TITLE
Uniform title Is JP the Answer
700 ## - ADDED ENTRY--PERSONAL NAME
Personal name Madani
730 ## - ADDED ENTRY--UNIFORM TITLE
Uniform title Is JP the Answer
942 ## - ADDED ENTRY ELEMENTS (KOHA)
Koha item type Book
Holdings
Withdrawn status Lost status Damaged status Not for loan Home library Current library Date acquired Total Checkouts Full call number Barcode Date last seen Copy number Price effective from Koha item type
        Dombivali Granthasangrahalaya, Dombivali Dombivali Granthasangrahalaya, Dombivali 01/22/2009   4355 DOM-4355 01/22/2009 1 01/22/2009 Book